Textbook of mass communication/ (Record no. 153138)

MARC details
000 -LEADER
fixed length control field 00704nam a22002057a 4500
005 - DATE AND TIME OF LATEST TRANSACTION
control field 20180627121345.0
010 ## - LCCN (DPL NO)
LC control number B-216568
020 ## - INTERNATIONAL STANDARD BOOK NUMBER
International Standard Book Number 9788131300633
Terms of availability 700.00
035 ## - SYSTEM CONTROL NUMBER
System control number B-216568
035 ## - SYSTEM CONTROL NUMBER
System control number B-216568
037 ## - SOURCE OF ACQUISITION
Stock number dpl
Source of stock number/acquisition A.P.H. Publishing Corportation
082 ## - DEWEY DECIMAL CLASSIFICATION NUMBER
Classification number 302.23
100 ## - MAIN ENTRY--PERSONAL NAME
Personal name Singh, J K
245 ## - TITLE STATEMENT
Title Textbook of mass communication/
Statement of responsibility, etc by J K Singh
260 ## - PUBLICATION, DISTRIBUTION, ETC. (IMPRINT)
Place of publication, distribution, etc New Delhi
Name of publisher, distributor, etc A.P.H. Publishing Corportation
Date of publication, distribution, etc 2007
270 ## - ADDRESS
Address 5, Ansari Road, Darya Ganj
City New Delhi
Postal code 110002
300 ## - PHYSICAL DESCRIPTION
Extent 274p.
Dimensions 22cm(Hb)
942 ## - ADDED ENTRY ELEMENTS (KOHA)
Source of classification or shelving scheme Dewey Decimal Classification
Item type English Books
Classification part 302.23
Call number suffix JIT
Holdings
Withdrawn status Lost status Not for loan Collection code Home library Current library Date acquired Full call number Barcode Koha item type
      Non-fiction Sarojini Nagar Sarojini Nagar 27/06/2018 302.23 JIT B-216568 English Books

© Delhi Public Library
Hit Counter
free hit counter